000 01550nam a2200445Ia 4500
005 20250425162717.0
008 250425s9999 xx 000 0 und d
020 _a9786074480528
041 _aspa
043 _amx
082 _a808.06615
110 _aAMERICAN PSYCHOLOGICAL ASSOCIATION
245 0 _aMANUAL DE PUBLICACIONES DE LA AMERICAN PSYCHOLOGICAL ASSOCIATION
250 _a3A ED.
260 _aMEXICO
260 _aMéxico
_bMANUAL MODERNO
_c2010
300 _a260
650 _aCIENCIAS SOCIALES-AUTORÍA-MANUALES
650 _aCIENCIAS SOCIALES-AUTORÍA-MANUALES
650 _aCIENCIAS SOCIALES-AUTORÍA-MANUALES
650 _aCIENCIAS SOCIALES-AUTORÍA-MANUALES
650 _aCIENCIAS SOCIALES-AUTORÍA-MANUALES
650 _aCIENCIAS SOCIALES-PUBLICACIONES-MANUALES
650 _aCIENCIAS SOCIALES-PUBLICACIONES-MANUALES
650 _aCIENCIAS SOCIALES-PUBLICACIONES-MANUALES
650 _aCIENCIAS SOCIALES-PUBLICACIONES-MANUALES
650 _aCIENCIAS SOCIALES-PUBLICACIONES-MANUALES
650 _aPSICOLOGÍA-AUTORÍA-MANUALES
650 _aPSICOLOGÍA-AUTORÍA-MANUALES
650 _aPSICOLOGÍA-AUTORÍA-MANUALES
650 _aPSICOLOGÍA-AUTORÍA-MANUALES
650 _aPSICOLOGÍA-AUTORÍA-MANUALES
650 _aPSICOLOGÍA-PUBLICACIONES-MANUALES
650 _aPSICOLOGÍA-PUBLICACIONES-MANUALES
650 _aPSICOLOGÍA-PUBLICACIONES-MANUALES
650 _aPSICOLOGÍA-PUBLICACIONES-MANUALES
650 _aPSICOLOGÍA-PUBLICACIONES-MANUALES
942 _c01
010 _a101406
999 _c234891
_d234891